La Insignia de oro de la Operación Mérito al presidente de la Diputación
Publicado:
San Jorge, núm. 66 (abril 1967), pàg 58 :
MARC
| LEADER | 00000nam a2200000Ia 4500 | ||
|---|---|---|---|
| 001 | |||
| 008 | 160829s9999 xx 000 0 cat d | ||
| 245 | |a La Insignia de oro de la Operación Mérito al presidente de la Diputación | ||
| 260 | |a San Jorge, núm. 66 (abril 1967), pàg 58 | ||
| 600 | 1 | 0 | |a Buxó de Abaigar, Joaquín, |c marqués de Castell-Florite, |d 1905-1979 |x Premis |9 55237 |
| 650 | |a Ràdio Barcelona |9 40550 | ||
| 650 | |a Torrens, Jaime |9 40557 | ||
| 901 | |a Arxiu | ||
| 942 | |n 1 | ||
| 952 | |0 0 |1 0 |4 0 |7 1 |9 49781 |a Arxiu |b Arxiu |d 2016-12-01 |l 0 |r 2016-12-01 00:00:00 |w 2016-12-01 |y ARXIU | ||
| 999 | |c 53623 |d 53623 | ||